Performance of the first prototype of the CALICE scintillator strip electromagnetic calorimeter
A first prototype of a scintillator strip-based electromagnetic calorimeter was built, consisting of 26 layers of tungsten absorber plates interleaved with planes of 45×10×3mm3 plastic scintillator strips. Data were collected using a positron test beam at DESY with momenta between 1 and 6GeV/c. The...
Saved in:
| Main Authors: | , , , , , , , , , , , , , , , , , , , , , , , , , , , , , , , , , , , , , , , , , , , , , , , , , , , , , , , , , , , , , , , , , , , , , , , , , , , , , , , , , , , , , , , , , , , , , , , , , , , , , , , , , , , , , , , , , , , , , , , , , , , , , , , , , , |
|---|---|
| Corporate Author: | |
| Format: | Article (Journal) |
| Language: | English |
| Published: |
21 June 2014
|
| In: |
Nuclear instruments & methods in physics research. Section A, Accelerators, spectrometers, detectors and associated equipment
Year: 2014, Volume: 763, Pages: 278-289 |
| ISSN: | 1872-9576 |
| DOI: | 10.1016/j.nima.2014.06.039 |
| Online Access: | Verlag, lizenzpflichtig, Volltext: https://doi.org/10.1016/j.nima.2014.06.039 Verlag, lizenzpflichtig, Volltext: https://www.sciencedirect.com/science/article/pii/S0168900214007621 |
| Author Notes: | K. Francis, J. Repond, J. Schlereth, J. Smith, L. Xia, E. Baldolemar, J. Li, S.T. Park, M. Sosebee, A.P. White, J. Yu, G. Eigen, Y. Mikami, N.K. Watson, M.A. Thomson, D.R. Ward, D. Benchekroun, A. Hoummada, Y. Khoulaki, J. Apostolakis, A. Dotti, G. Folger, V. Ivantchenko, A. Ribon, V. Uzhinskiy, C. Cârloganu, P. Gay, S. Manen, L. Royer, M. Tytgat, N. Zaganidis, G.C. Blazey, A. Dyshkant, J.G.R. Lima, V. Zutshi, J. -Y. Hostachy, L. Morin, U. Cornett, D. David, A. Ebrahimi, G. Falley, K. Gadow, P. Göttlicher, C. Günter, O. Hartbrich, B. Hermberg, S. Karstensen, F. Krivan, K. Krüger, B. Lutz, S. Morozov, V. Morgunov, C. Neubüser, M. Reinecke, F. Sefkow, P. Smirnov, M. Terwort, E. Garutti, S. Laurien, S. Lu, I. Marchesini, M. Matysek, M. Ramilli, K. Briggl, P. Eckert, T. Harion, H. -Ch. Schultz-Coulon, W. Shen, R. Stamen, B. Bilki, E. Norbeck, D. Northacker, Y. Onel, G.W. Wilson, K. Kawagoe, Y. Sudo, T. Yoshioka, P.D. Dauncey, M. Wing, F. Salvatore, E. Cortina Gil, S. Mannai, G. Baulieu, P. Calabria, L. Caponetto, C. Combaret, R. Della Negra, G. Grenier, R. Han, J. -C. Ianigro, R. Kieffer, I. Laktineh, N. Lumb, H. Mathez, L. Mirabito, A. Petrukhin, A. Steen, W. Tromeur, M. Vander Donckt, Y. Zoccarato, E. Calvo Alamillo, M. -C. Fouz, J. Puerta-Pelayo, F. Corriveau, B. Bobchenko, M. Chadeeva, M. Danilov, A. Epifantsev, O. Markin, R. Mizuk, E. Novikov, V. Popov, V. Rusinov, E. Tarkovsky, D. Besson, P. Buzhan, A. Ilyin, V. Kantserov, V. Kaplin, A. Karakash, E. Popova, V. Tikhomirov, C. Kiesling, K. Seidel, F. Simon, C. Soldner, L. Weuste, M. S. Amjad, J. Bonis, S. Callier, S. Conforti di Lorenzo, P. Cornebise, Ph. Doublet, F. Dulucq, J. Fleury, T. Frisson, N. van der Kolk, H. Li, G. Martin-Chassard, F. Richard, Ch. de la Taille, R. Pöschl, L. Raux, J. Rouëné, N. Seguin-Moreau, M. Anduze, V. Balagura, V. Boudry, J. -C. Brient, R. Cornat, M. Frotin, F. Gastaldi, E. Guliyev, Y. Haddad, F. Magniette, G. Musat, M. Ruan, T. H. Tran, H. Videau, B. Bulanek, J. Zacek, J. Cvach, P. Gallus, M. Havranek, M. Janata, J. Kvasnicka, D. Lednicky, M. Marcisovsky, I. Polak, J. Popule, L. Tomasek, M. Tomasek, P. Ruzicka, P. Sicho, J. Smolik, V. Vrba, J. Zalesak, B. Belhorma, H. Ghazlane, K. Kotera, H. Ono, T. Takeshita, S. Uozumi, D. Jeans, S. Chang, A. Khan, D.H. Kim, D.J. Kong, Y.D.Oh, M. Götze, J. Sauer, S. Weber, C. Zeitnitz |
MARC
| LEADER | 00000caa a2200000 c 4500 | ||
|---|---|---|---|
| 001 | 1753556104 | ||
| 003 | DE-627 | ||
| 005 | 20220819161013.0 | ||
| 007 | cr uuu---uuuuu | ||
| 008 | 210409s2014 xx |||||o 00| ||eng c | ||
| 024 | 7 | |a 10.1016/j.nima.2014.06.039 |2 doi | |
| 035 | |a (DE-627)1753556104 | ||
| 035 | |a (DE-599)KXP1753556104 | ||
| 035 | |a (OCoLC)1341403792 | ||
| 040 | |a DE-627 |b ger |c DE-627 |e rda | ||
| 041 | |a eng | ||
| 084 | |a 29 |2 sdnb | ||
| 110 | 2 | |a CALICE Collaboration |e VerfasserIn |0 (DE-588)16062459-9 |0 (DE-627)624651339 |0 (DE-576)322134064 |4 aut | |
| 245 | 1 | 0 | |a Performance of the first prototype of the CALICE scintillator strip electromagnetic calorimeter |c K. Francis, J. Repond, J. Schlereth, J. Smith, L. Xia, E. Baldolemar, J. Li, S.T. Park, M. Sosebee, A.P. White, J. Yu, G. Eigen, Y. Mikami, N.K. Watson, M.A. Thomson, D.R. Ward, D. Benchekroun, A. Hoummada, Y. Khoulaki, J. Apostolakis, A. Dotti, G. Folger, V. Ivantchenko, A. Ribon, V. Uzhinskiy, C. Cârloganu, P. Gay, S. Manen, L. Royer, M. Tytgat, N. Zaganidis, G.C. Blazey, A. Dyshkant, J.G.R. Lima, V. Zutshi, J. -Y. Hostachy, L. Morin, U. Cornett, D. David, A. Ebrahimi, G. Falley, K. Gadow, P. Göttlicher, C. Günter, O. Hartbrich, B. Hermberg, S. Karstensen, F. Krivan, K. Krüger, B. Lutz, S. Morozov, V. Morgunov, C. Neubüser, M. Reinecke, F. Sefkow, P. Smirnov, M. Terwort, E. Garutti, S. Laurien, S. Lu, I. Marchesini, M. Matysek, M. Ramilli, K. Briggl, P. Eckert, T. Harion, H. -Ch. Schultz-Coulon, W. Shen, R. Stamen, B. Bilki, E. Norbeck, D. Northacker, Y. Onel, G.W. Wilson, K. Kawagoe, Y. Sudo, T. Yoshioka, P.D. Dauncey, M. Wing, F. Salvatore, E. Cortina Gil, S. Mannai, G. Baulieu, P. Calabria, L. Caponetto, C. Combaret, R. Della Negra, G. Grenier, R. Han, J. -C. Ianigro, R. Kieffer, I. Laktineh, N. Lumb, H. Mathez, L. Mirabito, A. Petrukhin, A. Steen, W. Tromeur, M. Vander Donckt, Y. Zoccarato, E. Calvo Alamillo, M. -C. Fouz, J. Puerta-Pelayo, F. Corriveau, B. Bobchenko, M. Chadeeva, M. Danilov, A. Epifantsev, O. Markin, R. Mizuk, E. Novikov, V. Popov, V. Rusinov, E. Tarkovsky, D. Besson, P. Buzhan, A. Ilyin, V. Kantserov, V. Kaplin, A. Karakash, E. Popova, V. Tikhomirov, C. Kiesling, K. Seidel, F. Simon, C. Soldner, L. Weuste, M. S. Amjad, J. Bonis, S. Callier, S. Conforti di Lorenzo, P. Cornebise, Ph. Doublet, F. Dulucq, J. Fleury, T. Frisson, N. van der Kolk, H. Li, G. Martin-Chassard, F. Richard, Ch. de la Taille, R. Pöschl, L. Raux, J. Rouëné, N. Seguin-Moreau, M. Anduze, V. Balagura, V. Boudry, J. -C. Brient, R. Cornat, M. Frotin, F. Gastaldi, E. Guliyev, Y. Haddad, F. Magniette, G. Musat, M. Ruan, T. H. Tran, H. Videau, B. Bulanek, J. Zacek, J. Cvach, P. Gallus, M. Havranek, M. Janata, J. Kvasnicka, D. Lednicky, M. Marcisovsky, I. Polak, J. Popule, L. Tomasek, M. Tomasek, P. Ruzicka, P. Sicho, J. Smolik, V. Vrba, J. Zalesak, B. Belhorma, H. Ghazlane, K. Kotera, H. Ono, T. Takeshita, S. Uozumi, D. Jeans, S. Chang, A. Khan, D.H. Kim, D.J. Kong, Y.D.Oh, M. Götze, J. Sauer, S. Weber, C. Zeitnitz |
| 264 | 1 | |c 21 June 2014 | |
| 300 | |a 12 | ||
| 336 | |a Text |b txt |2 rdacontent | ||
| 337 | |a Computermedien |b c |2 rdamedia | ||
| 338 | |a Online-Ressource |b cr |2 rdacarrier | ||
| 500 | |a Gesehen am 09.04.2021 | ||
| 520 | |a A first prototype of a scintillator strip-based electromagnetic calorimeter was built, consisting of 26 layers of tungsten absorber plates interleaved with planes of 45×10×3mm3 plastic scintillator strips. Data were collected using a positron test beam at DESY with momenta between 1 and 6GeV/c. The prototype׳s performance is presented in terms of the linearity and resolution of the energy measurement. These results represent an important milestone in the development of highly granular calorimeters using scintillator strip technology. A number of possible design improvements were identified, which should be implemented in a future detector of this type. This technology is being developed for a future linear collider experiment, aiming at the precise measurement of jet energies using particle flow techniques. | ||
| 650 | 4 | |a Electromagnetic calorimeter | |
| 650 | 4 | |a MPPC | |
| 650 | 4 | |a Particle Flow | |
| 650 | 4 | |a Scintillator | |
| 700 | 1 | |a Francis, Kiran |e VerfasserIn |0 (DE-588)1231087986 |0 (DE-627)1753559588 |4 aut | |
| 700 | 1 | |a Briggl, Konrad |d 1986- |e VerfasserIn |0 (DE-588)1153560305 |0 (DE-627)1015059562 |0 (DE-576)500302650 |4 aut | |
| 700 | 1 | |a Eckert, Patrick |e VerfasserIn |0 (DE-588)1027560792 |0 (DE-627)729370526 |0 (DE-576)373354592 |4 aut | |
| 700 | 1 | |a Harion, Tobias |e VerfasserIn |0 (DE-588)142060259 |0 (DE-627)704131781 |0 (DE-576)327032782 |4 aut | |
| 700 | 1 | |a Schultz-Coulon, Hans-Christian |e VerfasserIn |0 (DE-588)1027561438 |0 (DE-627)729371832 |0 (DE-576)373355467 |4 aut | |
| 700 | 1 | |a Shen, Wei |e VerfasserIn |0 (DE-588)1029391602 |0 (DE-627)733456995 |0 (DE-576)377263397 |4 aut | |
| 700 | 1 | |a Stamen, Rainer |e VerfasserIn |0 (DE-588)1027561047 |0 (DE-627)729370917 |0 (DE-576)373355009 |4 aut | |
| 700 | 1 | |a Bilki, B. |e VerfasserIn |4 aut | |
| 700 | 1 | |a Norbeck, E. |e VerfasserIn |4 aut | |
| 700 | 1 | |a Northacker, D. |e VerfasserIn |4 aut | |
| 700 | 1 | |a Onel, Y. |e VerfasserIn |4 aut | |
| 700 | 1 | |a Wilson, G. W. |e VerfasserIn |4 aut | |
| 700 | 1 | |a Kawagoe, K. |e VerfasserIn |4 aut | |
| 700 | 1 | |a Sudo, Y. |e VerfasserIn |4 aut | |
| 700 | 1 | |a Yoshioka, T. |e VerfasserIn |4 aut | |
| 700 | 1 | |a Dauncey, P. D. |e VerfasserIn |4 aut | |
| 700 | 1 | |a Wing, M. |e VerfasserIn |4 aut | |
| 700 | 1 | |a Salvatore, F. |e VerfasserIn |4 aut | |
| 700 | 1 | |a Cortina Gil, E. |e VerfasserIn |4 aut | |
| 700 | 1 | |a Mannai, S. |e VerfasserIn |4 aut | |
| 700 | 1 | |a Baulieu, G. |e VerfasserIn |4 aut | |
| 700 | 1 | |a Calabria, P. |e VerfasserIn |4 aut | |
| 700 | 1 | |a Caponetto, L. |e VerfasserIn |4 aut | |
| 700 | 1 | |a Combaret, C. |e VerfasserIn |4 aut | |
| 700 | 1 | |a Della Negra, R. |e VerfasserIn |4 aut | |
| 700 | 1 | |a Grenier, G. |e VerfasserIn |4 aut | |
| 700 | 1 | |a Han, R. |e VerfasserIn |4 aut | |
| 700 | 1 | |a Ianigro, J. -C. |e VerfasserIn |4 aut | |
| 700 | 1 | |a Kieffer, R. |e VerfasserIn |4 aut | |
| 700 | 1 | |a Laktineh, I. |e VerfasserIn |4 aut | |
| 700 | 1 | |a Lumb, N. |e VerfasserIn |4 aut | |
| 700 | 1 | |a Mathez, H. |e VerfasserIn |4 aut | |
| 700 | 1 | |a Mirabito, L. |e VerfasserIn |4 aut | |
| 700 | 1 | |a Petrukhin, A. |e VerfasserIn |4 aut | |
| 700 | 1 | |a Steen, A. |e VerfasserIn |4 aut | |
| 700 | 1 | |a Tromeur, W. |e VerfasserIn |4 aut | |
| 700 | 1 | |a Vander Donckt, M. |e VerfasserIn |4 aut | |
| 700 | 1 | |a Zoccarato, Y. |e VerfasserIn |4 aut | |
| 700 | 1 | |a Calvo Alamillo, E. |e VerfasserIn |4 aut | |
| 700 | 1 | |a Fouz, M. -C. |e VerfasserIn |4 aut | |
| 700 | 1 | |a Puerta-Pelayo, J. |e VerfasserIn |4 aut | |
| 700 | 1 | |a Corriveau, F. |e VerfasserIn |4 aut | |
| 700 | 1 | |a Bobchenko, B. |e VerfasserIn |4 aut | |
| 700 | 1 | |a Chadeeva, M. |e VerfasserIn |4 aut | |
| 700 | 1 | |a Danilov, M. |e VerfasserIn |4 aut | |
| 700 | 1 | |a Epifantsev, A. |e VerfasserIn |4 aut | |
| 700 | 1 | |a Markin, O. |e VerfasserIn |4 aut | |
| 700 | 1 | |a Mizuk, R. |e VerfasserIn |4 aut | |
| 700 | 1 | |a Novikov, E. |e VerfasserIn |4 aut | |
| 700 | 1 | |a Popov, V. |e VerfasserIn |4 aut | |
| 700 | 1 | |a Rusinov, V. |e VerfasserIn |4 aut | |
| 700 | 1 | |a Tarkovsky, E. |e VerfasserIn |4 aut | |
| 700 | 1 | |a Besson, D. |e VerfasserIn |4 aut | |
| 700 | 1 | |a Buzhan, P. |e VerfasserIn |4 aut | |
| 700 | 1 | |a Ilyin, A. |e VerfasserIn |4 aut | |
| 700 | 1 | |a Kantserov, V. |e VerfasserIn |4 aut | |
| 700 | 1 | |a Kaplin, V. |e VerfasserIn |4 aut | |
| 700 | 1 | |a Karakash, A. |e VerfasserIn |4 aut | |
| 700 | 1 | |a Popova, E. |e VerfasserIn |4 aut | |
| 700 | 1 | |a Tikhomirov, V. |e VerfasserIn |4 aut | |
| 700 | 1 | |a Kiesling, C. |e VerfasserIn |4 aut | |
| 700 | 1 | |a Seidel, K. |e VerfasserIn |4 aut | |
| 700 | 1 | |a Simon, F. |e VerfasserIn |4 aut | |
| 700 | 1 | |a Soldner, C. |e VerfasserIn |4 aut | |
| 700 | 1 | |a Weuste, L. |e VerfasserIn |4 aut | |
| 700 | 1 | |a Amjad, M. S. |e VerfasserIn |4 aut | |
| 700 | 1 | |a Bonis, J. |e VerfasserIn |4 aut | |
| 700 | 1 | |a Callier, S. |e VerfasserIn |4 aut | |
| 700 | 1 | |a Conforti di Lorenzo, S. |e VerfasserIn |4 aut | |
| 700 | 1 | |a Cornebise, P. |e VerfasserIn |4 aut | |
| 700 | 1 | |a Doublet, Ph. |e VerfasserIn |4 aut | |
| 700 | 1 | |a Dulucq, F. |e VerfasserIn |4 aut | |
| 700 | 1 | |a Fleury, J. |e VerfasserIn |4 aut | |
| 700 | 1 | |a Frisson, T. |e VerfasserIn |4 aut | |
| 700 | 1 | |a van der Kolk, N. |e VerfasserIn |4 aut | |
| 700 | 1 | |a Li, H. |e VerfasserIn |4 aut | |
| 700 | 1 | |a Martin-Chassard, G. |e VerfasserIn |4 aut | |
| 700 | 1 | |a Richard, F. |e VerfasserIn |4 aut | |
| 700 | 1 | |a de la Taille, Ch. |e VerfasserIn |4 aut | |
| 700 | 1 | |a Pöschl, R. |e VerfasserIn |4 aut | |
| 700 | 1 | |a Raux, L. |e VerfasserIn |4 aut | |
| 700 | 1 | |a Rouëné, J. |e VerfasserIn |4 aut | |
| 700 | 1 | |a Seguin-Moreau, N. |e VerfasserIn |4 aut | |
| 700 | 1 | |a Anduze, M. |e VerfasserIn |4 aut | |
| 700 | 1 | |a Balagura, V. |e VerfasserIn |4 aut | |
| 700 | 1 | |a Boudry, V. |e VerfasserIn |4 aut | |
| 700 | 1 | |a Brient, J. -C. |e VerfasserIn |4 aut | |
| 700 | 1 | |a Cornat, R. |e VerfasserIn |4 aut | |
| 700 | 1 | |a Frotin, M. |e VerfasserIn |4 aut | |
| 700 | 1 | |a Gastaldi, F. |e VerfasserIn |4 aut | |
| 700 | 1 | |a Guliyev, E. |e VerfasserIn |4 aut | |
| 700 | 1 | |a Haddad, Y. |e VerfasserIn |4 aut | |
| 700 | 1 | |a Magniette, F. |e VerfasserIn |4 aut | |
| 700 | 1 | |a Musat, G. |e VerfasserIn |4 aut | |
| 700 | 1 | |a Ruan, M. |e VerfasserIn |4 aut | |
| 700 | 1 | |a Tran, T. H. |e VerfasserIn |4 aut | |
| 700 | 1 | |a Videau, H. |e VerfasserIn |4 aut | |
| 700 | 1 | |a Bulanek, B. |e VerfasserIn |4 aut | |
| 700 | 1 | |a Zacek, J. |e VerfasserIn |4 aut | |
| 700 | 1 | |a Cvach, J. |e VerfasserIn |4 aut | |
| 700 | 1 | |a Gallus, P. |e VerfasserIn |4 aut | |
| 700 | 1 | |a Havranek, M. |e VerfasserIn |4 aut | |
| 700 | 1 | |a Janata, M. |e VerfasserIn |4 aut | |
| 700 | 1 | |a Kvasnicka, J. |e VerfasserIn |4 aut | |
| 700 | 1 | |a Lednicky, D. |e VerfasserIn |4 aut | |
| 700 | 1 | |a Marcisovsky, M. |e VerfasserIn |4 aut | |
| 700 | 1 | |a Polak, I. |e VerfasserIn |4 aut | |
| 700 | 1 | |a Popule, J. |e VerfasserIn |4 aut | |
| 700 | 1 | |a Tomasek, L. |e VerfasserIn |4 aut | |
| 700 | 1 | |a Tomasek, M. |e VerfasserIn |4 aut | |
| 700 | 1 | |a Ruzicka, P. |e VerfasserIn |4 aut | |
| 700 | 1 | |a Sicho, P. |e VerfasserIn |4 aut | |
| 700 | 1 | |a Smolik, J. |e VerfasserIn |4 aut | |
| 700 | 1 | |a Vrba, V. |e VerfasserIn |4 aut | |
| 700 | 1 | |a Zalesak, J. |e VerfasserIn |4 aut | |
| 700 | 1 | |a Belhorma, B. |e VerfasserIn |4 aut | |
| 700 | 1 | |a Ghazlane, H. |e VerfasserIn |4 aut | |
| 700 | 1 | |a Kotera, K. |e VerfasserIn |4 aut | |
| 700 | 1 | |a Ono, H. |e VerfasserIn |4 aut | |
| 700 | 1 | |a Takeshita, T. |e VerfasserIn |4 aut | |
| 700 | 1 | |a Uozumi, S. |e VerfasserIn |4 aut | |
| 700 | 1 | |a Jeans, D. |e VerfasserIn |4 aut | |
| 700 | 1 | |a Chang, S. |e VerfasserIn |4 aut | |
| 700 | 1 | |a Khan, A. |e VerfasserIn |4 aut | |
| 700 | 1 | |a Kim, D. H. |e VerfasserIn |4 aut | |
| 700 | 1 | |a Kong, D. J. |e VerfasserIn |4 aut | |
| 700 | 1 | |a Oh, Y. D. |e VerfasserIn |4 aut | |
| 700 | 1 | |a Götze, M. |e VerfasserIn |4 aut | |
| 700 | 1 | |a Sauer, J. |e VerfasserIn |4 aut | |
| 700 | 1 | |a Weber, S. |e VerfasserIn |4 aut | |
| 700 | 1 | |a Zeitnitz, C. |e VerfasserIn |4 aut | |
| 773 | 0 | 8 | |i Enthalten in |t Nuclear instruments & methods in physics research. Section A, Accelerators, spectrometers, detectors and associated equipment |d [Amsterdam] : Elsevier, 1984 |g 763(2014), Seite 278-289 |h Online-Ressource |w (DE-627)266014666 |w (DE-600)1466532-3 |w (DE-576)074959743 |x 1872-9576 |7 nnas |a Performance of the first prototype of the CALICE scintillator strip electromagnetic calorimeter |
| 773 | 1 | 8 | |g volume:763 |g year:2014 |g pages:278-289 |g extent:12 |a Performance of the first prototype of the CALICE scintillator strip electromagnetic calorimeter |
| 856 | 4 | 0 | |u https://doi.org/10.1016/j.nima.2014.06.039 |x Verlag |x Resolving-System |z lizenzpflichtig |3 Volltext |
| 856 | 4 | 0 | |u https://www.sciencedirect.com/science/article/pii/S0168900214007621 |x Verlag |z lizenzpflichtig |3 Volltext |
| 951 | |a AR | ||
| 992 | |a 20210409 | ||
| 993 | |a Article | ||
| 994 | |a 2014 | ||
| 998 | |g 1027561047 |a Stamen, Rainer |m 1027561047:Stamen, Rainer |d 130000 |d 130700 |e 130000PS1027561047 |e 130700PS1027561047 |k 0/130000/ |k 1/130000/130700/ |p 69 | ||
| 998 | |g 1029391602 |a Shen, Wei |m 1029391602:Shen, Wei |d 130000 |d 130700 |e 130000PS1029391602 |e 130700PS1029391602 |k 0/130000/ |k 1/130000/130700/ |p 68 | ||
| 998 | |g 1027561438 |a Schultz-Coulon, Hans-Christian |m 1027561438:Schultz-Coulon, Hans-Christian |d 130000 |d 130700 |e 130000PS1027561438 |e 130700PS1027561438 |k 0/130000/ |k 1/130000/130700/ |p 67 | ||
| 998 | |g 142060259 |a Harion, Tobias |m 142060259:Harion, Tobias |d 130000 |d 130700 |e 130000PH142060259 |e 130700PH142060259 |k 0/130000/ |k 1/130000/130700/ |p 66 | ||
| 998 | |g 1027560792 |a Eckert, Patrick |m 1027560792:Eckert, Patrick |d 130000 |d 130700 |e 130000PE1027560792 |e 130700PE1027560792 |k 0/130000/ |k 1/130000/130700/ |p 65 | ||
| 998 | |g 1153560305 |a Briggl, Konrad |m 1153560305:Briggl, Konrad |d 130000 |d 130700 |e 130000PB1153560305 |e 130700PB1153560305 |k 0/130000/ |k 1/130000/130700/ |p 64 | ||
| 999 | |a KXP-PPN1753556104 |e 3904256599 | ||
| BIB | |a Y | ||
| SER | |a journal | ||
| JSO | |a {"origin":[{"dateIssuedKey":"2014","dateIssuedDisp":"21 June 2014"}],"note":["Gesehen am 09.04.2021"],"person":[{"role":"aut","given":"Kiran","display":"Francis, Kiran","family":"Francis"},{"display":"Briggl, Konrad","role":"aut","given":"Konrad","family":"Briggl"},{"display":"Eckert, Patrick","given":"Patrick","role":"aut","family":"Eckert"},{"family":"Harion","display":"Harion, Tobias","role":"aut","given":"Tobias"},{"display":"Schultz-Coulon, Hans-Christian","given":"Hans-Christian","role":"aut","family":"Schultz-Coulon"},{"family":"Shen","display":"Shen, Wei","given":"Wei","role":"aut"},{"display":"Stamen, Rainer","role":"aut","given":"Rainer","family":"Stamen"},{"display":"Bilki, B.","given":"B.","role":"aut","family":"Bilki"},{"display":"Norbeck, E.","given":"E.","role":"aut","family":"Norbeck"},{"family":"Northacker","display":"Northacker, D.","role":"aut","given":"D."},{"given":"Y.","role":"aut","display":"Onel, Y.","family":"Onel"},{"family":"Wilson","given":"G. W.","role":"aut","display":"Wilson, G. W."},{"role":"aut","given":"K.","display":"Kawagoe, K.","family":"Kawagoe"},{"family":"Sudo","display":"Sudo, Y.","role":"aut","given":"Y."},{"role":"aut","given":"T.","display":"Yoshioka, T.","family":"Yoshioka"},{"family":"Dauncey","role":"aut","given":"P. D.","display":"Dauncey, P. D."},{"family":"Wing","given":"M.","role":"aut","display":"Wing, M."},{"family":"Salvatore","display":"Salvatore, F.","given":"F.","role":"aut"},{"display":"Cortina Gil, E.","role":"aut","given":"E.","family":"Cortina Gil"},{"family":"Mannai","display":"Mannai, S.","role":"aut","given":"S."},{"display":"Baulieu, G.","given":"G.","role":"aut","family":"Baulieu"},{"role":"aut","given":"P.","display":"Calabria, P.","family":"Calabria"},{"display":"Caponetto, L.","role":"aut","given":"L.","family":"Caponetto"},{"given":"C.","role":"aut","display":"Combaret, C.","family":"Combaret"},{"role":"aut","given":"R.","display":"Della Negra, R.","family":"Della Negra"},{"display":"Grenier, G.","role":"aut","given":"G.","family":"Grenier"},{"display":"Han, R.","role":"aut","given":"R.","family":"Han"},{"family":"Ianigro","given":"J. -C.","role":"aut","display":"Ianigro, J. -C."},{"role":"aut","given":"R.","display":"Kieffer, R.","family":"Kieffer"},{"family":"Laktineh","display":"Laktineh, I.","given":"I.","role":"aut"},{"family":"Lumb","role":"aut","given":"N.","display":"Lumb, N."},{"family":"Mathez","display":"Mathez, H.","role":"aut","given":"H."},{"family":"Mirabito","display":"Mirabito, L.","role":"aut","given":"L."},{"family":"Petrukhin","display":"Petrukhin, A.","given":"A.","role":"aut"},{"family":"Steen","display":"Steen, A.","given":"A.","role":"aut"},{"display":"Tromeur, W.","given":"W.","role":"aut","family":"Tromeur"},{"display":"Vander Donckt, M.","given":"M.","role":"aut","family":"Vander Donckt"},{"family":"Zoccarato","role":"aut","given":"Y.","display":"Zoccarato, Y."},{"family":"Calvo Alamillo","role":"aut","given":"E.","display":"Calvo Alamillo, E."},{"given":"M. -C.","role":"aut","display":"Fouz, M. -C.","family":"Fouz"},{"family":"Puerta-Pelayo","display":"Puerta-Pelayo, J.","role":"aut","given":"J."},{"display":"Corriveau, F.","given":"F.","role":"aut","family":"Corriveau"},{"given":"B.","role":"aut","display":"Bobchenko, B.","family":"Bobchenko"},{"family":"Chadeeva","display":"Chadeeva, M.","given":"M.","role":"aut"},{"role":"aut","given":"M.","display":"Danilov, M.","family":"Danilov"},{"display":"Epifantsev, A.","given":"A.","role":"aut","family":"Epifantsev"},{"family":"Markin","role":"aut","given":"O.","display":"Markin, O."},{"display":"Mizuk, R.","given":"R.","role":"aut","family":"Mizuk"},{"given":"E.","role":"aut","display":"Novikov, E.","family":"Novikov"},{"display":"Popov, V.","given":"V.","role":"aut","family":"Popov"},{"family":"Rusinov","display":"Rusinov, V.","role":"aut","given":"V."},{"family":"Tarkovsky","given":"E.","role":"aut","display":"Tarkovsky, E."},{"given":"D.","role":"aut","display":"Besson, D.","family":"Besson"},{"family":"Buzhan","role":"aut","given":"P.","display":"Buzhan, P."},{"family":"Ilyin","role":"aut","given":"A.","display":"Ilyin, A."},{"role":"aut","given":"V.","display":"Kantserov, V.","family":"Kantserov"},{"family":"Kaplin","role":"aut","given":"V.","display":"Kaplin, V."},{"role":"aut","given":"A.","display":"Karakash, A.","family":"Karakash"},{"display":"Popova, E.","given":"E.","role":"aut","family":"Popova"},{"role":"aut","given":"V.","display":"Tikhomirov, V.","family":"Tikhomirov"},{"display":"Kiesling, C.","given":"C.","role":"aut","family":"Kiesling"},{"family":"Seidel","display":"Seidel, K.","given":"K.","role":"aut"},{"family":"Simon","display":"Simon, F.","given":"F.","role":"aut"},{"family":"Soldner","display":"Soldner, C.","role":"aut","given":"C."},{"family":"Weuste","given":"L.","role":"aut","display":"Weuste, L."},{"family":"Amjad","given":"M. S.","role":"aut","display":"Amjad, M. S."},{"display":"Bonis, J.","role":"aut","given":"J.","family":"Bonis"},{"role":"aut","given":"S.","display":"Callier, S.","family":"Callier"},{"family":"Conforti di Lorenzo","role":"aut","given":"S.","display":"Conforti di Lorenzo, S."},{"display":"Cornebise, P.","given":"P.","role":"aut","family":"Cornebise"},{"family":"Doublet","given":"Ph.","role":"aut","display":"Doublet, Ph."},{"family":"Dulucq","role":"aut","given":"F.","display":"Dulucq, F."},{"given":"J.","role":"aut","display":"Fleury, J.","family":"Fleury"},{"family":"Frisson","role":"aut","given":"T.","display":"Frisson, T."},{"display":"van der Kolk, N.","given":"N.","role":"aut","family":"van der Kolk"},{"display":"Li, H.","role":"aut","given":"H.","family":"Li"},{"family":"Martin-Chassard","given":"G.","role":"aut","display":"Martin-Chassard, G."},{"family":"Richard","display":"Richard, F.","role":"aut","given":"F."},{"family":"de la Taille","display":"de la Taille, Ch.","given":"Ch.","role":"aut"},{"role":"aut","given":"R.","display":"Pöschl, R.","family":"Pöschl"},{"given":"L.","role":"aut","display":"Raux, L.","family":"Raux"},{"family":"Rouëné","display":"Rouëné, J.","role":"aut","given":"J."},{"given":"N.","role":"aut","display":"Seguin-Moreau, N.","family":"Seguin-Moreau"},{"given":"M.","role":"aut","display":"Anduze, M.","family":"Anduze"},{"family":"Balagura","role":"aut","given":"V.","display":"Balagura, V."},{"display":"Boudry, V.","role":"aut","given":"V.","family":"Boudry"},{"family":"Brient","display":"Brient, J. -C.","role":"aut","given":"J. -C."},{"role":"aut","given":"R.","display":"Cornat, R.","family":"Cornat"},{"role":"aut","given":"M.","display":"Frotin, M.","family":"Frotin"},{"family":"Gastaldi","given":"F.","role":"aut","display":"Gastaldi, F."},{"family":"Guliyev","given":"E.","role":"aut","display":"Guliyev, E."},{"family":"Haddad","display":"Haddad, Y.","given":"Y.","role":"aut"},{"family":"Magniette","role":"aut","given":"F.","display":"Magniette, F."},{"family":"Musat","display":"Musat, G.","role":"aut","given":"G."},{"family":"Ruan","display":"Ruan, M.","given":"M.","role":"aut"},{"family":"Tran","display":"Tran, T. H.","given":"T. H.","role":"aut"},{"family":"Videau","role":"aut","given":"H.","display":"Videau, H."},{"display":"Bulanek, B.","given":"B.","role":"aut","family":"Bulanek"},{"display":"Zacek, J.","given":"J.","role":"aut","family":"Zacek"},{"display":"Cvach, J.","given":"J.","role":"aut","family":"Cvach"},{"family":"Gallus","role":"aut","given":"P.","display":"Gallus, P."},{"given":"M.","role":"aut","display":"Havranek, M.","family":"Havranek"},{"family":"Janata","role":"aut","given":"M.","display":"Janata, M."},{"display":"Kvasnicka, J.","role":"aut","given":"J.","family":"Kvasnicka"},{"given":"D.","role":"aut","display":"Lednicky, D.","family":"Lednicky"},{"display":"Marcisovsky, M.","role":"aut","given":"M.","family":"Marcisovsky"},{"role":"aut","given":"I.","display":"Polak, I.","family":"Polak"},{"display":"Popule, J.","given":"J.","role":"aut","family":"Popule"},{"family":"Tomasek","given":"L.","role":"aut","display":"Tomasek, L."},{"display":"Tomasek, M.","role":"aut","given":"M.","family":"Tomasek"},{"family":"Ruzicka","role":"aut","given":"P.","display":"Ruzicka, P."},{"given":"P.","role":"aut","display":"Sicho, P.","family":"Sicho"},{"display":"Smolik, J.","given":"J.","role":"aut","family":"Smolik"},{"family":"Vrba","role":"aut","given":"V.","display":"Vrba, V."},{"family":"Zalesak","given":"J.","role":"aut","display":"Zalesak, J."},{"display":"Belhorma, B.","given":"B.","role":"aut","family":"Belhorma"},{"family":"Ghazlane","display":"Ghazlane, H.","given":"H.","role":"aut"},{"given":"K.","role":"aut","display":"Kotera, K.","family":"Kotera"},{"role":"aut","given":"H.","display":"Ono, H.","family":"Ono"},{"role":"aut","given":"T.","display":"Takeshita, T.","family":"Takeshita"},{"given":"S.","role":"aut","display":"Uozumi, S.","family":"Uozumi"},{"family":"Jeans","display":"Jeans, D.","given":"D.","role":"aut"},{"family":"Chang","given":"S.","role":"aut","display":"Chang, S."},{"f | ||
| JSO | |a amily":"Khan","display":"Khan, A.","role":"aut","given":"A."},{"family":"Kim","display":"Kim, D. H.","role":"aut","given":"D. H."},{"family":"Kong","given":"D. J.","role":"aut","display":"Kong, D. J."},{"family":"Oh","display":"Oh, Y. D.","role":"aut","given":"Y. D."},{"given":"M.","role":"aut","display":"Götze, M.","family":"Götze"},{"display":"Sauer, J.","role":"aut","given":"J.","family":"Sauer"},{"family":"Weber","display":"Weber, S.","given":"S.","role":"aut"},{"family":"Zeitnitz","display":"Zeitnitz, C.","role":"aut","given":"C."}],"physDesc":[{"extent":"12 S."}],"type":{"media":"Online-Ressource","bibl":"article-journal"},"title":[{"title":"Performance of the first prototype of the CALICE scintillator strip electromagnetic calorimeter","title_sort":"Performance of the first prototype of the CALICE scintillator strip electromagnetic calorimeter"}],"corporate":[{"display":"CALICE Collaboration","role":"aut"}],"name":{"displayForm":["K. Francis, J. Repond, J. Schlereth, J. Smith, L. Xia, E. Baldolemar, J. Li, S.T. Park, M. Sosebee, A.P. White, J. Yu, G. Eigen, Y. Mikami, N.K. Watson, M.A. Thomson, D.R. Ward, D. Benchekroun, A. Hoummada, Y. Khoulaki, J. Apostolakis, A. Dotti, G. Folger, V. Ivantchenko, A. Ribon, V. Uzhinskiy, C. Cârloganu, P. Gay, S. Manen, L. Royer, M. Tytgat, N. Zaganidis, G.C. Blazey, A. Dyshkant, J.G.R. Lima, V. Zutshi, J. -Y. Hostachy, L. Morin, U. Cornett, D. David, A. Ebrahimi, G. Falley, K. Gadow, P. Göttlicher, C. Günter, O. Hartbrich, B. Hermberg, S. Karstensen, F. Krivan, K. Krüger, B. Lutz, S. Morozov, V. Morgunov, C. Neubüser, M. Reinecke, F. Sefkow, P. Smirnov, M. Terwort, E. Garutti, S. Laurien, S. Lu, I. Marchesini, M. Matysek, M. Ramilli, K. Briggl, P. Eckert, T. Harion, H. -Ch. Schultz-Coulon, W. Shen, R. Stamen, B. Bilki, E. Norbeck, D. Northacker, Y. Onel, G.W. Wilson, K. Kawagoe, Y. Sudo, T. Yoshioka, P.D. Dauncey, M. Wing, F. Salvatore, E. Cortina Gil, S. Mannai, G. Baulieu, P. Calabria, L. Caponetto, C. Combaret, R. Della Negra, G. Grenier, R. Han, J. -C. Ianigro, R. Kieffer, I. Laktineh, N. Lumb, H. Mathez, L. Mirabito, A. Petrukhin, A. Steen, W. Tromeur, M. Vander Donckt, Y. Zoccarato, E. Calvo Alamillo, M. -C. Fouz, J. Puerta-Pelayo, F. Corriveau, B. Bobchenko, M. Chadeeva, M. Danilov, A. Epifantsev, O. Markin, R. Mizuk, E. Novikov, V. Popov, V. Rusinov, E. Tarkovsky, D. Besson, P. Buzhan, A. Ilyin, V. Kantserov, V. Kaplin, A. Karakash, E. Popova, V. Tikhomirov, C. Kiesling, K. Seidel, F. Simon, C. Soldner, L. Weuste, M. S. Amjad, J. Bonis, S. Callier, S. Conforti di Lorenzo, P. Cornebise, Ph. Doublet, F. Dulucq, J. Fleury, T. Frisson, N. van der Kolk, H. Li, G. Martin-Chassard, F. Richard, Ch. de la Taille, R. Pöschl, L. Raux, J. Rouëné, N. Seguin-Moreau, M. Anduze, V. Balagura, V. Boudry, J. -C. Brient, R. Cornat, M. Frotin, F. Gastaldi, E. Guliyev, Y. Haddad, F. Magniette, G. Musat, M. Ruan, T. H. Tran, H. Videau, B. Bulanek, J. Zacek, J. Cvach, P. Gallus, M. Havranek, M. Janata, J. Kvasnicka, D. Lednicky, M. Marcisovsky, I. Polak, J. Popule, L. Tomasek, M. Tomasek, P. Ruzicka, P. Sicho, J. Smolik, V. Vrba, J. Zalesak, B. Belhorma, H. Ghazlane, K. Kotera, H. Ono, T. Takeshita, S. Uozumi, D. Jeans, S. Chang, A. Khan, D.H. Kim, D.J. Kong, Y.D.Oh, M. Götze, J. Sauer, S. Weber, C. Zeitnitz"]},"recId":"1753556104","id":{"eki":["1753556104"],"doi":["10.1016/j.nima.2014.06.039"]},"language":["eng"],"relHost":[{"origin":[{"dateIssuedDisp":"1994-","dateIssuedKey":"1994","publisher":"Elsevier ; North-Holland Publ. Co.","publisherPlace":"[Amsterdam] ; Amsterdam"}],"note":["Gesehen am 24.05.23"],"part":{"text":"763(2014), Seite 278-289","volume":"763","year":"2014","pages":"278-289","extent":"12"},"titleAlt":[{"title":"Nuclear instruments & methods in physics research / A"}],"title":[{"partname":"Accelerators, spectrometers, detectors and associated equipment","title":"Nuclear instruments & methods in physics research","subtitle":"a journal on accelerators, instrumentation and techniques applied to research in nuclear and atomic physics, materials science and related fields in physics","title_sort":"Nuclear instruments & methods in physics research"}],"type":{"bibl":"periodical","media":"Online-Ressource"},"physDesc":[{"extent":"Online-Ressource"}],"recId":"266014666","disp":"Performance of the first prototype of the CALICE scintillator strip electromagnetic calorimeterNuclear instruments & methods in physics research. Section A, Accelerators, spectrometers, detectors and associated equipment","pubHistory":["Nachgewiesen 226.1984 -"],"id":{"eki":["266014666"],"issn":["1872-9576"],"zdb":["1466532-3"]},"language":["eng"]}]} | ||
| SRT | |a CALICECOLLPERFORMANC2120 | ||